Apocrypha and Pseudepigrapha of the New Testament in English (Record no. 3403)
[ view plain ]
| 000 -LEADER | |
|---|---|
| fixed length control field | 00792nam a2200265 a 4500 |
| 020 ## - INTERNATIONAL STANDARD BOOK NUMBER | |
| ISBN | |
| 082 00 - DEWEY DECIMAL CLASSIFICATION NUMBER | |
| Classification number | 229.07 |
| Author Cutter | CHA |
| 100 ## - MAIN ENTRY--AUTHOR NAME | |
| Author name | Charles, R H |
| 245 ## - TITLE STATEMENT | |
| Title | Apocrypha and Pseudepigrapha of the New Testament in English |
| 260 ## - PUBLICATION, DISTRIBUTION, ETC. (IMPRINT) | |
| Place of publication | Oxford |
| Name of publisher | Clarendon Press |
| Year of publication | 1913 |
| 300 ## - PHYSICAL DESCRIPTION | |
| Number of Pages | 683 |
| 500 ## - GENERAL NOTE | |
| General note | includes index and biblioraphy |
| 505 2# - FORMATTED CONTENTS NOTE | |
| Formatted contents note | 3 Vols. Bound Together |
| 505 2# - FORMATTED CONTENTS NOTE | |
| Formatted contents note | 3 Vols. Bound Together00 |
| 650 ## - SUBJECT ADDED ENTRY--TOPICAL TERM | |
| Topical Term | Apocrypha |
| 650 ## - SUBJECT ADDED ENTRY--TOPICAL TERM | |
| Topical Term | Pseudepigraphe |
| 942 ## - ADDED ENTRY ELEMENTS (KOHA) | |
| Koha item type | Books |
| 700 1# - | |
| -- | Charles, R H |
| Collection code | Home library | Current library | Shelving location | Date acquired | Cost, normal purchase price | Full call number | Accession Number | Koha item type |
|---|---|---|---|---|---|---|---|---|
| Reference | Henry Martyn Institute Library | Henry Martyn Institute Library | Reference | 100.00 | 229.07 CHA | 8272 | Archive Book | |
| Henry Martyn Institute Library | Henry Martyn Institute Library | 100.00 | 229.07 CHA | 8273 | Archive Book |
